000 00442nam a2200181Ia 4500
001 12749
005 20260306163004.0
008 260306t2015||||xx |||||||||||||| ||spa||
041 _aESP
082 _aRD 150.3
_bG23
100 _aGarcía Cadena, Cirilo H.
_eAUT
245 0 _aDiccionario temático de psicología
260 _c2015
300 _a296 páginas :
_c24 cm.
650 _aGEN
654 _aCPS
942 _cDIC
_dJUS
_fJUS
_2ddc
_n
999 _c12749
_d12749